| 000 | 01464nam0a22003011 4500 | ||
|---|---|---|---|
| 001 | rc\4030879 | ||
| 005 | 20230220145759.0 | ||
| 021 |
_aRU _b[51-8665] |
||
| 035 | _a(NLR Aleph) 007953488 | ||
| 090 |
_a8354121 _c8354121 |
||
| 100 | _a20130415d1951 |||y0rusy50 ca | ||
| 101 | 0 | _arus | |
| 102 | _aRU | ||
| 105 | _aa z ||||| | ||
| 200 | 1 |
_aИзбранные сочинения _f[Вступ. статья "И.А. Крылов - создатель национальной русской басни", с. 5-28, и примеч. Д.Д. Благого] |
|
| 210 |
_aМосква _aЛенинград _cДетгиз _d1951 |
||
| 215 |
_a272 с., 10 л. ил. _d20 |
||
| 225 | 1 |
_aШкольная библиотека _i[Для средней школы] |
|
| 327 | 1 | _aСодерж.: Из "Почты духов"; Похвальная речь в память моему дедушке; Каиб; Урок дочкам; Басни | |
| 464 | 0 | _12001#$aИз "Почты духов"$aПохвальная речь в память моему дедушке$aКаиб$aУрок дочкам$aБасни | |
| 700 | 1 |
_aКрылов _bИ. А. _cбаснописец _f1769-1844 _gИван Андреевич _3RU\NLR\AUTH\772707 _4070 |
|
| 702 | 1 |
_aБлагой _bД. Д. _f1893-1984 _gДмитрий Дмитриевич _4080 _4212 |
|
| 801 | 0 |
_aRU _bNLR _gpsbo |
|
| 801 | 1 |
_aRU _bELAR _2rusmarc |
|
| 852 |
_aNLR _jДл02 Г-3/949 |
||
| 942 | _cBOOK | ||
| 980 | _aNB | ||